Australian Birds by Partial Picture - Statistics

General Stats
  • This quiz has been taken 39 times
  • The average score is 11 of 20
Answer Stats
Picture Answer % Correct
Major Mitchell's Cockatoo
90%
Superb Lyrebird
81%
Wedge-tailed Eagle
81%
Scarlet Robin
71%
Spotted Pardalote
68%
Eastern Curlew
65%
Metallic Starling
65%
Rufous Fantail
65%
Powerful Owl
58%
Spinifex Pigeon
58%
Plumed Whistling-Duck
55%
Bar-shouldered Dove
52%
Bluebonnet
52%
Dusky Woodswallow
52%
Azure Kingfisher
39%
Orange-footed Scrubfowl
39%
Spectacled Monarch
32%
Crescent Honeyeater
29%
Fairy Gerygone
29%
Masked Finch
26%
No matching quizzes found
Score Distribution
Percent of People with Each Score
Percentile by Number Answered
Your Score History
You have not taken this quiz